ICALP 2001 : satellite workshops : proceedings of the satellite workshops of the 28th international colloquium on automata languages, and programming Crete, Greece, July 2001

Αποθηκεύτηκε σε:
Λεπτομέρειες βιβλιογραφικής εγγραφής
Συγγραφή απο Οργανισμό/Αρχή: International Colloquium on Automata, Languages, and Programming
Άλλοι συγγραφείς: Baresi, Luciano (Επιμελητής έκδοσης)
Μορφή: Πρακτικό Συνεδρίου Βιβλίο
Γλώσσα:English
Δημοσίευση: Amsterdam : Elsevier, 2001
Θέματα:
Ετικέτες: Προσθήκη ετικέτας
Δεν υπάρχουν, Καταχωρήστε ετικέτα πρώτοι!

MARC

LEADER 00000cam a2200000 i 4500
001 1/73133
008 050310s2001 eng d
020 |a 0444509070 
035 |l 10077010 
040 |a GR-MY-UA  |b gre  |e aacr 
041 0 |a eng 
082 0 |a 004  |2 (21) 
245 0 0 |a ICALP 2001 :  |b satellite workshops : proceedings of the satellite workshops of the 28th international colloquium on automata languages, and programming Crete, Greece, July 2001 /  |c edited by Luciano Baresi [et. al.] 
260 |a Amsterdam :   |b Elsevier,   |c 2001 
300 |a vii, 404 σ. ;   |c 24 εκ. 
504 |a Περιέχει βιβλιογραφία και ευρετήριο συγγραφέων 
650 0 0 |a Machine theory  |x Congresses. 
650 0 0 |a Formal languages  |x Congresses. 
650 0 0 |a Computer programming  |x Congresses. 
700 1 |a Baresi, Luciano,  |e edt 
711 2 |a International Colloquium on Automata, Languages, and Programming   |n (28th :   |d 2001 :   |c Crete, Greece) 
852 |a INST  |b SAMOS  |e 20050310  |h 004 ICA  |p 005300025315  |q 005300025315  |t BK  |y 0 
901 |a BIBL3-2005-1 
922 |a 3ΕΛΗ 
970 |a ΜΑΛΑΓΑΡΗ  |b ΦΩΤΕΙΝΗ  |z 2005/03/10